header

British social attitudes (Record no. 55535)

MARC details
000 -LEADER
fixed length control field 01355nam a2200337Ia 4500
082 04 - DEWEY DECIMAL CLASSIFICATION NUMBER
Classification number 303.380941
245 00 - TITLE STATEMENT
Title British social attitudes
260 ## - PUBLICATION, DISTRIBUTION, ETC. (IMPRINT)
Place of publication London ;
-- Thousand Oaks, Calif. :
Name of publisher SAGE,
Year of publication 2004.
300 ## - PHYSICAL DESCRIPTION
Number of Pages xviii, 347 p. :
Other physical details ill.
650 #0 - SUBJECT ADDED ENTRY--TOPICAL TERM
Topical Term Attitude (Psychology)
Topical Term Public opinion
700 1# - ADDED ENTRY--PERSONAL NAME
Personal name Park, Alison.
856 40 - ELECTRONIC LOCATION AND ACCESS
Uniform Resource Identifier http://site.ebrary.com/lib/rucke/Doc?id=10080885

No items available.

© 2026 Rongo University
Contact us: librarian | system librarian | Rongo university